Music Quiz

Random Music Quiz

Guess the Lyrics to The Wanted's Lightning Quiz Stats

 Plays Quiz not verified by Sporcle

Also try: 'Summer' Songs
Challenge
Share
Tweet
Embed
Score 0/183 Timer 10:00
0 Plays Today
% Correct
you
97.7%
you
97.7%
you
97.7%
your
94.6%
your
94.6%
your
94.6%
your
94.6%
in
92.3%
in
92.3%
in
92.3%
the
89.3%
the
89.3%
a
89.3%
the
89.3%
the
89.3%
the
89.3%
and
89.3%
the
89.3%
a
89.3%
a
89.3%
and
89.3%
and
89.3%
the
89.3%
the
89.3%
the
89.3%
the
89.3%
the
89.3%
the
89.3%
the
89.3%
and
89.3%
You're
88.5%
my
88.5%
my
88.5%
you're
88.5%
Control
87%
control
87%
on
86.6%
on
86.6%
pressing
83.5%
as
83.5%
as
83.5%
know
82.8%
know
82.8%
know
82.8%
know
82.8%
pause
82.4%
we
81.6%
we
81.6%
we
81.6%
be
81.2%
be
81.2%
lightning
80.5%
lightning
80.5%
i
80.1%
I
80.1%
I
80.1%
I
80.1%
I
80.1%
I
80.1%
i
80.1%
I
80.1%
% Correct
it's
78.9%
it's
78.9%
it's
78.9%
with
78.9%
it's
78.9%
it's
78.9%
with
78.9%
to
78.9%
it
78.5%
playing
78.5%
playing
78.5%
it
78.5%
so
77.8%
now
77.8%
now
77.8%
touch
77.8%
touch
77.8%
touch
77.8%
now
77.8%
so
77.8%
touch
77.8%
little
75.9%
little
75.9%
me
75.9%
bit
75.5%
might
75.5%
bit
75.5%
might
75.5%
time
75.1%
time
75.1%
kiss
74.7%
kiss
74.7%
of
74.7%
of
74.7%
of
74.7%
kiss
74.7%
all
74.3%
life
73.6%
life
73.6%
When
73.2%
well
73.2%
mine
72.8%
can't
72.4%
lips
72.4%
frightening
72.4%
frightening
72.4%
feel
72%
feel
72%
Someone
71.6%
stole
71.6%
is
71.6%
is
71.6%
air
70.9%
that
70.1%
like
70.1%
that
70.1%
that
70.1%
come
69.7%
first
69%
first
69%
rush
68.6%
% Correct
rush
68.6%
do
67.4%
oh
67.4%
oh
67.4%
oh
67.4%
oh
67.4%
oh
67.4%
though
65.9%
much
64.8%
much
64.8%
speak
64.4%
has
64.4%
too
64.4%
too
64.4%
here
64%
our
64%
here
64%
here
64%
chase
62.5%
skin
61.7%
skin
61.7%
How
60.5%
many
59%
times
59%
they
59%
dont
58.6%
classroom
58.2%
comes
57.9%
teach
57.9%
comes
57.9%
things
57.5%
back
57.1%
through
56.3%
yeah
55.9%
yeah
55.9%
room
55.6%
headspace
55.2%
place
54.4%
learning
54.4%
safe
53.6%
Fly
53.3%
aswell
52.9%
away
52.1%
addicted
51.3%
from
50.6%
fear
50.6%
been
50.6%
clear
50.2%
I've
50.2%
electric
50.2%
since
49.8%
Just
49%
everything
48.3%
out
47.5%
surge
46.7%
speeding
45.6%
hit
44.8%
heatbeat
19.2%
cloaks
18.4%
now-ow-ow
9.2%
Chorus x2
4.6%

You're not logged in!

Compare scores with friends on all Sporcle quizzes.
OR
Log In

You Might Also Like...

Show Comments

Extras

Created Feb 20, 2012ReportNominate
Tags:lightning, wanted

Top Quizzes Today


Score Distribution

Your Account Isn't Verified!

In order to create a playlist on Sporcle, you need to verify the email address you used during registration. Go to your Sporcle Settings to finish the process.

Report this User

Report this user for behavior that violates our Community Guidelines.

Details: